000 00529nam a2200181 a 4500
005 20230914063544.0
008 991125s1984 es 000 0 spa u
035 _aUPN01000049470
049 _aCG
050 4 _aBF702
_bA7.68
100 1 _aArgyle, Michael
245 1 0 _aPsicología del comportamiento interpersonal /
_cMichael Argyle ; tr. Emilio López Thomé.
260 _aMadrid :
_bAlianza,
_c1984.
300 _a264 p.
440 0 _aAlianza universidad ;
_v202
650 4 _aPsicología genética
_94967
905 _aLibro
999 _c49470
_d49470